000 00641nam a2200217Ia 4500
005 20230506110147.0
008 131103s9999 xx 000 0 und d
040 _aLoreto College
041 _aEnglish
082 _a330
_bSAM
100 _aSamuelson,Paul A.,1915 - ?
245 _aEconomics
_b introductory analysis
_cPaul A.Samuelson
250 _a6th ed.
260 _aNew York
_bMcGraw - Hill Book Co.
_c1948 (1964 printing)
300 _axxii,838 p.
_b ill.,fig.
440 _aAn International Student Edition
504 _aIncludes bibliographical references and index
650 _aEconomics
850 _aLCLIB
942 _cBK
999 _c7641
_d58120